=LDR 00000nam 2200000 4500 =001 INLIS000000000026461 =005 20130612124913 =008 ***********************************ind** =035 ##$$0010-061300000026461 =041 ##$$a ind =082 ##$$a 361.61 =090 ##$$a 361.61, UMA m =100 ##$$a Umari, Akram Dhiyauddin =245 ##$$a Masyarakat madani, tinjauan historis kehidupan zaman nabi, Akram Dhiauddin Umari; penerjemah, Mun'im a. Sirry =260 ##$$a 1999 $b Jakarta =300 ##$$a 170 hlm., 24 cm =650 ##$$a Politik Sosial =850 ##$$a NBPNMAT =990 ##$$a 0001/BPAP-NTB/2015